Didáctica de las matemáticas para primaria
Saved in:
| Main Author: | |
|---|---|
| Format: | Book |
| Language: | Spanish |
| Published: |
Madrid
Pearson Educación
2003
|
| Series: | Colección Didáctica
|
| Subjects: | |
| Online Access: | Disponible Online |
| Tags: |
Add Tag
No Tags, Be the first to tag this record!
|
MARC
| LEADER | 00000nam a2200000 a 4500 | ||
|---|---|---|---|
| 001 | UCL3503 | ||
| 003 | CL-VaPUC | ||
| 005 | 20230718074437.0 | ||
| 008 | 031128e20030000SP |||||||||||||||||spa|d | ||
| 999 | |c 306536 |d 306534 | ||
| 020 | |a 8420534544 | ||
| 040 | |c Pontificia Universidad Católica de Valparaíso | ||
| 082 | 0 | 4 | |a 372.7 |b CHA |2 21 |
| 100 | 0 | |a Chamorro, María del Carmen |e author |9 480792 | |
| 245 | 1 | 0 | |a Didáctica de las matemáticas para primaria |
| 260 | |a Madrid |b Pearson Educación |c 2003 | ||
| 300 | |a 354 p | ||
| 490 | 0 | |a Colección Didáctica | |
| 583 | |a last modification |c 20031128 00:00:00 |k Rodrigo Vera | ||
| 650 | 0 | |a Matemática |x Enseñanza básica |9 260235 | |
| 852 | |a BIBCUR | ||
| 856 | 4 | |u http://bibliografiaobligatoria.pucv.cl.pucv.idm.oclc.org/index.php/bibliotecapucv/catalog/book/28 |y Disponible Online | |
| 942 | |c BK |2 ddc | ||
| 945 | |d 20031128 00:00:00 |a cmena | ||
| 952 | |0 0 |1 0 |4 0 |6 372_700000000000000_CHA_2003 |7 0 |8 A |9 371584 |a BIBMAT |b BIBMAT |c E_DIDACT |d 2019-11-21 |i 4007735 |l 2 |o 372.7 CHA 2003 |p 4007735 |q 2025-05-16 |r 2025-05-09 |s 2025-05-09 |w 2019-11-21 |y BK |k MAT | ||
| 952 | |0 0 |1 0 |4 0 |6 372_700000000000000_CHA_2003 |7 0 |8 A |9 371585 |a BIBMAT |b BIBMAT |c E_DIDACT |d 2019-11-21 |i 4007743 |l 2 |o 372.7 CHA 2003 |p 4007743 |r 2025-01-07 |s 2020-10-23 |w 2019-11-21 |y BK |k MAT | ||
| 952 | |0 0 |1 0 |4 0 |6 372_700000000000000_CHA_2003 |7 0 |8 A |9 371588 |a BIBEDU |b BIBEDU |d 2019-11-21 |i 4454146 |o 372.7 CHA 2003 |p 4454146 |r 2019-11-21 |w 2019-11-21 |y BK |k EBA | ||
| 952 | |0 0 |1 0 |4 0 |6 372_700000000000000_CHA_2003 |7 0 |8 A |9 371589 |a BIBEDU |b BIBEDU |d 2019-11-21 |i 4459261 |o 372.7 CHA 2003 |p 4459261 |r 2019-11-21 |w 2019-11-21 |y BK |k EBA | ||